000
00286nam a22001337a 4500
008
171218b xxu||||| |||| 00| 0 eng d
020
_a
9780768912388
041
_a
eng
080
_a
37
100
_a
46
101
_a
EDU
245
_a
Schoolarship Almanac
_c
THOMSON
942
_2
udc
_c
BK
999
_c
39072
_d
39072